Técnicas para investigar

Saved in:
Bibliografiske detaljer
Main Authors: Yuni, José Alberto (Author), Urbano, Claudio Ariel (Author)
Format: Bog
Sprog:spansk
Udgivet: Córdoba Brujas 2006
Udgivelse:2a. ed
Fag:
Tags: Tilføj Tag
Ingen Tags, Vær først til at tagge denne postø!

MARC

LEADER 00000cam a2200000 a 4500
001 UCG7701
003 CL-VaPUC
008 110905e20060000AG |||||||||||||||||spa|d
020 |a 9875910198v.1 
020 |a 9879510201v.2 
020 |a 978987951021Xv.3 
082 0 4 |a 001.42  |b YUN  |2 21 
100 0 |a Yuni, José Alberto  |e author  |9 558217 
700 0 |a Urbano, Claudio Ariel  |e author  |9 558218 
245 1 0 |a Técnicas para investigar 
250 |a 2a. ed 
300 |a v 
942 |c BK 
945 |d 20110905 00:00:00  |a dcastane 
260 |a Córdoba  |b Brujas  |c 2006 
500 |a v.1: Recursos metodológicos para la preparación de proyectos de investigación. El conocimiento científico. El proceso metodológico de la investigación científica. La formulación de objetivos. La formulación de hipótesis. El problema de investigación. El método científico 
500 |a v.2: Recursos metodológicos para la preparación de proyectos de investigación. Métodos y técnicas de recolección de información. Aspectos de la dimensión estratégica de la investigación. La observación como técnica de investigación científica. La investigación documental. La investigación por encuesta. La técnica de entrevista 
500 |a v.3: Análisis de datos y redacción científica. Escritura científica. Elaboración de proyectos de investigación. Análisis cuantitativo. Tipos de comunicación científica. Análisis cualitativo 
650 0 |a Métodos de investigación   |9 262618 
650 0 |a Investigación científica  |9 259857 
583 |a last modification  |c 20150107 01:57:34  |k Rodrigo Vera 
999 |c 345484  |d 345482 
952 |0 0  |1 0  |4 0  |6 001_420000000000000_YUN_2006  |7 0  |8 A  |9 444255  |a BIBEDU  |b BIBEDU  |d 2019-11-22  |h v.1  |i 4789776  |l 1  |o 001.42 YUN 2006  |p 4789776  |r 2024-09-02  |s 2024-08-24  |w 2019-11-22  |y BK  |k EPE 
952 |0 0  |1 0  |4 0  |6 001_420000000000000_YUN_2006  |7 0  |8 A  |9 444256  |a BIBEDU  |b BIBEDU  |d 2019-11-22  |h v.2  |i 4789784  |l 1  |o 001.42 YUN 2006  |p 4789784  |r 2024-09-02  |s 2024-08-24  |w 2019-11-22  |y BK  |k EPE 
952 |0 0  |1 0  |4 0  |6 001_420000000000000_YUN_2006  |7 0  |8 A  |9 444257  |a BIBEDU  |b BIBEDU  |d 2019-11-22  |h v.3  |i 4789792  |l 1  |o 001.42 YUN 2006  |p 4789792  |r 2024-09-02  |s 2024-08-24  |w 2019-11-22  |y BK  |k EPE